Pakistan : Request for Stand-By Arrangement-Staff Report; Press Release on the Executive Board Discussion; and Statement by the Executive Director for Pakistan.

Pakistan's authorities have requested a 23-month Stand-By Arrangement for SDR 5.169 billion in support of their macroeconomic stabilization program. The authorities' program envisages a tightening of fiscal and monetary policies to bring down inflation and reduce the external current accou...

ver descrição completa

Detalhes bibliográficos
Autor Corporativo: International Monetary Fund
Formato: Periódico
Idioma:English
Publicado em: Washington, D.C. : International Monetary Fund, 2008.
Colecção:IMF Staff Country Reports; Country Report ; No. 2008/364
Acesso em linha:Full text available on IMF
LEADER 01714cas a2200241 a 4500
001 AALejournalIMF005497
008 230101c9999 xx r poo 0 0eng d
020 |c 5.00 USD 
020 |z 9781451830736 
022 |a 1934-7685 
040 |a BD-DhAAL  |c BD-DhAAL 
110 2 |a International Monetary Fund. 
245 1 0 |a Pakistan :   |b Request for Stand-By Arrangement-Staff Report; Press Release on the Executive Board Discussion; and Statement by the Executive Director for Pakistan. 
264 1 |a Washington, D.C. :  |b International Monetary Fund,  |c 2008. 
300 |a 1 online resource (95 pages) 
490 1 |a IMF Staff Country Reports 
500 |a <strong>Off-Campus Access:</strong> No User ID or Password Required 
500 |a <strong>On-Campus Access:</strong> No User ID or Password Required 
506 |a Electronic access restricted to authorized BRAC University faculty, staff and students 
520 3 |a Pakistan's authorities have requested a 23-month Stand-By Arrangement for SDR 5.169 billion in support of their macroeconomic stabilization program. The authorities' program envisages a tightening of fiscal and monetary policies to bring down inflation and reduce the external current account deficit to more sustainable levels. The pace of adjustment seeks to balance the need to address the current macroeconomic imbalances with protecting social stability. The program envisages important reforms in tax policy and administration and public financial management. 
538 |a Mode of access: Internet 
830 0 |a IMF Staff Country Reports; Country Report ;  |v No. 2008/364 
856 4 0 |z Full text available on IMF  |u http://elibrary.imf.org/view/journals/002/2008/364/002.2008.issue-364-en.xml  |z IMF e-Library